[Event "City of Dublin Masters 2013"]
[Site "Dublin IRL"]
[Date "2013.09.14"]
[Round "3"]
[White "Annesley, Gareth"]
[Black "Harding, Tim"]
[Result "0-1"]
[WhiteElo "1925"]
[BlackElo "2118"]
[BlackICU "1970"]
[WhiteClub "Mallusk"]
[BlackClub "T.C.D."]
[WhiteNationality "IRL"]
[BlackNationality "IRL"]
[WhiteFideId "2505762"]
[BlackFideId "2500256"]
[WhiteICUId "19"]
[BlackICUId "541"]
[PlyCount "116"]
[EventDate "2013.09.13"]
[Source "ICU web site"]
[URL "http://www.irlchess.com/cityofdublin2013_allfiles/games_cityofdublin2013/g34.htm"]

{ Event information: <a
href="http://www.irlchess.com/cityofdublin2013_allfiles/pairings_cityofdublin2013.html">Tournament
report</a>. }

1. e4 e5 2. Nf3 Nc6 3. Bb5 a6 4. Ba4 Nf6 5. O-O Be7 6. Re1 b5 7. Bb3 O-O 8.
a4 Bb7 9. c3 d5 10. axb5 axb5 11. Rxa8 Bxa8 12. exd5 Nxd5 13. Nxe5 Nxe5 14.
Rxe5 Nf4 15. d4 Nxg2 16. Qg4 Nh4 17. d5 Bf6 18. Rh5 Re8 19. Be3 g6 20. Nd2
Kh8 21. Rh6 Nf5 22. Rh3 Bxd5 23. Bxd5 Qxd5 24. Nf1 Qe4 25. Qxe4 Rxe4 26.
Rf3 Kg7 27. Ng3 Nxg3 28. hxg3 Be5 29. Bd2 Bd6 30. Rd3 Kf6 31. Kg2 Ke6 32.
Kf3 f5 33. Bh6 Kf6 34. Be3 h5 35. Rd5 b4 36. Bd4+ Ke6 37. Rb5 g5 38. Ra5 h4
39. gxh4 Rxh4 40. Rb5 Rh3+ 41. Kg2 Rd3 42. Bh8 bxc3 43. bxc3 g4 44. Rb1 Rd2
45. Re1+ Kd5 46. Kg1 Kc4 47. Re6 Kd5 48. Rf6 f4 49. Rg6 g3 50. fxg3 fxg3
51. Rg4 Rh2 52. Bd4 c5 53. Bg7 Re2 54. c4+ Ke6 55. Bh6 Rc2 56. Bg7 Kf5 57.
Rh4 Be7 58. Rh5+ Kg6 0-1

[Event "City of Dublin Masters 2013"]
[Site "Dublin IRL"]
[Date "2013.09.14"]
[Round "3"]
[White "Collins, Sam"]
[Black "Daly, Colm"]
[Result "1-0"]
[WhiteTitle "IM"]
[BlackTitle "FM"]
[WhiteElo "2475"]
[BlackElo "2341"]
[WhiteICU "2430"]
[BlackICU "2298"]
[WhiteClub "Gonzaga"]
[BlackClub "Bray/Greystones"]
[WhiteNationality "IRL"]
[BlackNationality "IRL"]
[WhiteFideId "2501198"]
[BlackFideId "2500434"]
[WhiteICUId "4564"]
[BlackICUId "295"]
[PlyCount "135"]
[EventDate "2013.09.13"]
[Source "ICU web site"]
[URL "http://www.irlchess.com/cityofdublin2013_allfiles/games_cityofdublin2013/g26.htm"]

{ Annotator: Colm Daly, Irish Chess Cogitations blog, September 16, 2013. }
{ Event information: <a
href="http://www.irlchess.com/cityofdublin2013_allfiles/pairings_cityofdublin2013.html">Tournament
report</a>. }

1. d4 Nf6 2. Bg5 e6 3. e4 h6 4. Bxf6 Qxf6 5. c3 d6 6. Bd3 e5 7. Ne2 h5 8.
O-O h4 9. f4 h3 10. g3 Qe7 11. Nd2 Nd7 12. fxe5 dxe5 13. Bc4 f6 14. Bb3 Nb6
15. a4 a5 16. dxe5 Bg4 17. exf6 Qc5+ 18. Kh1 O-O-O 19. Qe1 gxf6 20. Nd4 Qe5
21. N2f3 Qe8 22. Nf5 Kb8 23. N3d4 c5 24. Nb5 c4 25. Bc2 Bc5 26. Qc1 Be2 27.
Nfd4 Bxf1 28. Qxf1 Qe5 29. Re1 Bxd4 30. cxd4 Rxd4 31. Qf2 Rhd8 32. Nxd4
Qxd4 33. Qxd4 Rxd4 34. Re2 Kc7 35. Kg1 Kd6 36. Kf2 Ke5 37. Ke3 Nc8 38. Rf2
Nd6 39. Rxf6 Rxe4+ 40. Bxe4 Kxf6 41. Kd4 b6 42. Bd5 c3 43. bxc3 Nf5+ 44.
Ke4 Nd6+ 45. Kf4 b5 46. Bc6 bxa4 47. Bxa4 Nc8 48. g4 Nb6 49. g5+ Kg7 50.
Bb3 a4 51. Ba2 a3 52. Kg4 Na4 53. c4 Nc3 54. Bb3 Ne4 55. Kf5 Nc5 56. Ba2
Nd3 57. Kg4 Nc1 58. Bb1 a2 59. Bxa2 Nxa2 60. c5 Nb4 61. Kxh3 Nc6 62. Kg4
Kg6 63. Kf4 Nd4 64. Ke5 Nf3+ $2 (64... Nf5 $1 { =. }) 65. Kd5 $18 Nxg5 66.
c6 Nh7 67. c7 Nf6+ 68. Kd4 1-0

[Event "City of Dublin Masters 2013"]
[Site "Dublin IRL"]
[Date "2013.09.14"]
[Round "3"]
[White "De Dios Ortega, Juan Manuel"]
[Black "Delaney, Killian"]
[Result "1-0"]
[WhiteElo "1906"]
[BlackElo "2117"]
[BlackICU "2070"]
[BlackClub "Rathmines"]
[WhiteNationality "ESP"]
[BlackNationality "IRL"]
[WhiteFideId "2287617"]
[BlackFideId "2501570"]
[BlackICUId "5104"]
[PlyCount "67"]
[EventDate "2013.09.13"]
[Source "ICU web site"]
[URL "http://www.irlchess.com/cityofdublin2013_allfiles/games_cityofdublin2013/g29.htm"]

{ Event information: <a
href="http://www.irlchess.com/cityofdublin2013_allfiles/pairings_cityofdublin2013.html">Tournament
report</a>. }

1. e4 c6 2. d4 d5 3. exd5 cxd5 4. c4 Nf6 5. Nc3 Nc6 6. cxd5 Nxd5 7. g3 e5
8. dxe5 Bb4 9. a3 Bxc3+ 10. bxc3 Qa5 11. Bd2 Nxc3 12. Qf3 Qxe5+ 13. Qe3 Ne4
14. Rd1 Nd4 15. Bd3 O-O 16. Bxe4 Re8 17. f3 Bd7 18. Kf2 Nf5 19. Qd3 Qc5+
20. Be3 Qa5 21. Ne2 Bb5 22. Qd2 Qxd2 23. Bxd2 Bxe2 24. Rde1 Nd4 25. Be3
Bxf3 26. Bxf3 Nc2 27. Re2 Nxa3 28. Bxb7 Rab8 29. Bf3 a5 30. Rc1 Rbc8 31.
Bc5 Nb5 32. Rxe8+ Rxe8 33. Bc6 Rb8 34. Rb1 1-0

[Event "City of Dublin Masters 2013"]
[Site "Dublin IRL"]
[Date "2013.09.14"]
[Round "3"]
[White "Firstov, Juri"]
[Black "Delaney, John"]
[Result "1-0"]
[BlackTitle "FM"]
[WhiteElo "2277"]
[BlackElo "2248"]
[WhiteICU "2259"]
[BlackICU "2201"]
[WhiteClub "Phibsboro"]
[BlackClub "Blanchardstown Jrs."]
[WhiteNationality "EST"]
[BlackNationality "IRL"]
[WhiteFideId "4501233"]
[BlackFideId "2500060"]
[WhiteICUId "9603"]
[BlackICUId "318"]
[PlyCount "71"]
[EventDate "2013.09.13"]
[Source "ICU web site"]
[URL "http://www.irlchess.com/cityofdublin2013_allfiles/games_cityofdublin2013/g25.htm"]

{ Event information: <a
href="http://www.irlchess.com/cityofdublin2013_allfiles/pairings_cityofdublin2013.html">Tournament
report</a>. }

1. d4 e6 2. Nf3 f5 3. c4 Nf6 4. g3 d5 5. Nc3 c6 6. Bg2 Bd6 7. O-O O-O 8.
Qc2 Ne4 9. a4 Qe7 10. a5 Nd7 11. b3 Nxc3 12. Qxc3 Nf6 13. Ne5 Bd7 14. Bf4
Rac8 15. c5 Bc7 16. Qb4 b6 17. axb6 axb6 18. Nd3 Bxf4 19. gxf4 Ne4 20. Qxb6
Rb8 21. Qa7 Qd8 22. Bxe4 fxe4 23. Ne5 Be8 24. e3 Bh5 25. Qd7 Qf6 26. Qxc6
Qf5 27. Kh1 Rf6 28. Rg1 Rbf8 29. Ra7 Rh6 30. Rgxg7+ Kh8 31. Qc7 Bf3+ 32.
Kg1 Qh5 33. Rg2 Qxh2+ 34. Rxh2 Rg8+ 35. Kf1 Rxh2 36. Nf7+ 1-0

[Event "City of Dublin Masters 2013"]
[Site "Dublin IRL"]
[Date "2013.09.14"]
[Round "3"]
[White "Freeman, Gordon"]
[Black "Fox, Anthony"]
[Result "1/2-1/2"]
[WhiteElo "2045"]
[BlackElo "2096"]
[WhiteICU "2023"]
[BlackICU "2027"]
[WhiteClub "Gonzaga"]
[BlackClub "Dun Laoghaire"]
[WhiteNationality "IRL"]
[BlackNationality "IRL"]
[WhiteFideId "2501309"]
[BlackFideId "2500736"]
[WhiteICUId "4153"]
[BlackICUId "456"]
[PlyCount "80"]
[EventDate "2013.09.13"]
[Source "ICU web site"]
[URL "http://www.irlchess.com/cityofdublin2013_allfiles/games_cityofdublin2013/g31.htm"]

{ Event information: <a
href="http://www.irlchess.com/cityofdublin2013_allfiles/pairings_cityofdublin2013.html">Tournament
report</a>. }

1. h3 e5 2. d4 exd4 3. Qxd4 Nc6 4. Qa4 d5 5. Nf3 Nf6 6. c3 Bc5 7. Bf4 Bd7
8. e3 Ne5 9. Qd1 Ng6 10. Bh2 Bb6 11. Bd3 Qe7 12. O-O O-O 13. Nbd2 Rad8 14.
Qc2 Rfe8 15. a4 a5 16. Nd4 c5 17. Nf5 Bxf5 18. Bxf5 Bc7 19. Bxc7 Qxc7 20.
Bxg6 hxg6 21. Rad1 Qc6 22. Qb3 Rd6 23. Rfe1 Re7 24. Qc2 Rde6 25. Nf3 Re4
26. b3 R4e6 27. Rd3 b5 28. axb5 Qxb5 29. Red1 Re8 30. c4 dxc4 31. Qxc4 Qxc4
32. bxc4 Ne4 33. Rd7 Ra8 34. Rd8+ Re8 35. Rxe8+ Rxe8 36. Ra1 Ra8 37. Ra4 f6
38. Kf1 Kf7 39. Ke1 Ke6 40. Nd2 Nxd2 1/2-1/2

[Event "City of Dublin Masters 2013"]
[Site "Dublin IRL"]
[Date "2013.09.14"]
[Round "3"]
[White "Hayes, Peter J."]
[Black "Palmer, Bernard"]
[Result "1-0"]
[WhiteElo "2022"]
[BlackElo "2037"]
[WhiteICU "1932"]
[BlackICU "1942"]
[WhiteClub "Gonzaga"]
[BlackClub "Dun Laoghaire"]
[WhiteNationality "IRL"]
[BlackNationality "IRL"]
[WhiteFideId "2502569"]
[BlackFideId "2500701"]
[WhiteICUId "4540"]
[BlackICUId "1354"]
[PlyCount "65"]
[EventDate "2013.09.13"]
[Source "ICU web site"]
[URL "http://www.irlchess.com/cityofdublin2013_allfiles/games_cityofdublin2013/g33.htm"]

{ Event information: <a
href="http://www.irlchess.com/cityofdublin2013_allfiles/pairings_cityofdublin2013.html">Tournament
report</a>. }

1. d4 e6 2. c4 Nf6 3. Nc3 Bb4 4. e3 c5 5. Bd3 Bxc3+ 6. bxc3 Nc6 7. Ne2 d6
8. f4 e5 9. fxe5 dxe5 10. d5 Ne7 11. Ng3 Bg4 12. Qc2 Qc7 13. O-O O-O-O 14.
Rb1 Kb8 15. a4 h6 16. Ba3 Bd7 17. Rxf6 gxf6 18. Ne4 Bc8 19. Nxc5 Ka8 20.
Ne4 Nf5 21. Qf2 b6 22. a5 Rhg8 23. axb6 axb6 24. c5 Rxd5 25. cxb6 Qd8 26.
Bd6 Ra5 27. b7+ Bxb7 28. Qxf5 Rg5 29. Nxg5 Qxd6 30. Be4 Rd5 31. Bxd5 Qxd5
32. Qe4 Qxe4 33. Nxe4 1-0

[Event "City of Dublin Masters 2013"]
[Site "Dublin IRL"]
[Date "2013.09.14"]
[Round "3"]
[White "Jackson, Carl"]
[Black "Bourached, Anthony"]
[Result "1-0"]
[Termination "time forfeit"]
[WhiteElo "1905"]
[BlackElo "1933"]
[WhiteICU "1801"]
[BlackICU "1998"]
[WhiteClub "Gonzaga"]
[BlackClub "T.C.D."]
[WhiteNationality "IRL"]
[BlackNationality "IRL"]
[WhiteFideId "2502585"]
[BlackFideId "2504456"]
[WhiteICUId "4618"]
[BlackICUId "12061"]
[PlyCount "87"]
[EventDate "2013.09.13"]
[Source "ICU web site"]
[URL "http://www.irlchess.com/cityofdublin2013_allfiles/games_cityofdublin2013/g32.htm"]

{ Event information: <a
href="http://www.irlchess.com/cityofdublin2013_allfiles/pairings_cityofdublin2013.html">Tournament
report</a>. } { Reference: Se&aacute;n Coffey, <a
href="https://www.irlchess.com/2013/10/07/jackson-bourached-2013/">Jackson-Bourached,
City of Dublin Masters 2013</a>, IRLchess, October 7, 2013; plus comment by
Anthony Bourached. }

1. e4 c5 2. Nc3 d6 3. g3 Nc6 4. Bg2 g6 5. f4 Bg7 6. Nf3 Nf6 7. O-O O-O 8.
h3 h5 9. d3 Rb8 10. Be3 b5 11. e5 dxe5 12. Bxc5 exf4 13. gxf4 b4 14. Ne2
Qa5 15. Bf2 Nd5 16. d4 Ba6 17. f5 Bh6 18. fxg6 fxg6 19. Nh4 Ne3 20. Bxe3
Bxe3+ 21. Kh1 Rxf1+ 22. Bxf1 Qg5 23. Nf3 Qf6 24. Kg2 Bc4 25. Ng3 Bd5 26.
Qe2 Bxd4 27. Ne4 Qf5 28. Nfd2 Bxb2 29. Rd1 Bc3 30. Kg1 Bd4+ 31. Kh1 Rf8 32.
Bg2 Qe6 33. Qd3 Rf4 34. Ng5 Bxg2+ 35. Kxg2 Rf2+ 36. Kh1 Qd5+ 37. Ndf3 e5
38. Qxg6+ Kf8 39. Nh7+ Ke7 40. Qf6+ Kd7 41. Nf8+ Kc8 42. Qf5+ Kb7 43. Rd3
Nd8 $2 (43... Qxa2 $19) 44. Rxd4 { (Time) } 1-0

[Event "City of Dublin Masters 2013"]
[Site "Dublin IRL"]
[Date "2013.09.14"]
[Round "3"]
[White "O'Donnell, Conor"]
[Black "Fitzsimons, David"]
[Result "1/2-1/2"]
[BlackTitle "FM"]
[WhiteElo "2119"]
[BlackElo "2341"]
[WhiteICU "2123"]
[BlackICU "2312"]
[WhiteClub "Gonzaga"]
[BlackClub "Elm Mount"]
[WhiteNationality "IRL"]
[BlackNationality "IRL"]
[WhiteFideId "2504243"]
[BlackFideId "2501961"]
[WhiteICUId "10792"]
[BlackICUId "6236"]
[PlyCount "58"]
[EventDate "2013.09.13"]
[Source "ICU web site"]
[URL "http://www.irlchess.com/cityofdublin2013_allfiles/games_cityofdublin2013/g27.htm"]

{ Event information: <a
href="http://www.irlchess.com/cityofdublin2013_allfiles/pairings_cityofdublin2013.html">Tournament
report</a>. }

1. e4 c5 2. Nf3 Nc6 3. d4 cxd4 4. Nxd4 Nf6 5. Nc3 e5 6. Ndb5 d6 7. Bg5 a6
8. Na3 b5 9. Nd5 Be7 10. Bxf6 Bxf6 11. c4 b4 12. Nc2 a5 13. g3 O-O 14. h4
a4 15. Ndxb4 Nxb4 16. Nxb4 Qb6 17. Qd2 Rb8 18. a3 Bd8 19. Bg2 Qc5 20. O-O
Ba5 21. Rfd1 Bxb4 22. axb4 Rxb4 23. Qxd6 Qxd6 24. Rxd6 Rxc4 25. Rb6 Be6 26.
b3 axb3 27. Rxb3 Rfc8 28. Rb5 f6 29. Rb7 R4c7 1/2-1/2

[Event "City of Dublin Masters 2013"]
[Site "Dublin IRL"]
[Date "2013.09.14"]
[Round "3"]
[White "Smith, Andrew Philip"]
[Black "Kalinins, Valentine"]
[Result "1/2-1/2"]
[WhiteTitle "FM"]
[WhiteElo "2111"]
[BlackElo "2196"]
[BlackICU "2207"]
[WhiteClub "Bourne End ENG"]
[BlackClub "Celbridge"]
[WhiteNationality "IRL"]
[BlackNationality "IRL"]
[WhiteFideId "2500833"]
[BlackFideId "2505894"]
[BlackICUId "12860"]
[PlyCount "34"]
[EventDate "2013.09.13"]
[Source "ICU web site"]
[URL "http://www.irlchess.com/cityofdublin2013_allfiles/games_cityofdublin2013/g28.htm"]

{ Event information: <a
href="http://www.irlchess.com/cityofdublin2013_allfiles/pairings_cityofdublin2013.html">Tournament
report</a>. }

1. e4 d5 2. e5 Bf5 3. f4 e6 4. Nf3 c5 5. c3 Nc6 6. Na3 a6 7. Nc2 Nge7 8. g3
Rc8 9. Bg2 Bd3 10. Kf2 d4 11. Nce1 Bg6 12. Nh4 Nf5 13. Nxg6 hxg6 14. Nf3
Be7 15. h4 Qb6 16. c4 Qd8 17. d3 b5 1/2-1/2

[Event "City of Dublin Masters 2013"]
[Site "Dublin IRL"]
[Date "2013.09.14"]
[Round "3"]
[White "Walsh, Paul"]
[Black "Boyle, Bernard"]
[Result "1-0"]
[WhiteElo "2127"]
[BlackElo "1909"]
[WhiteICU "2044"]
[BlackICU "1795"]
[WhiteClub "Sarsfield"]
[BlackClub "Elm Mount"]
[WhiteNationality "IRL"]
[BlackNationality "IRL"]
[WhiteFideId "2501260"]
[BlackFideId "2501830"]
[WhiteICUId "3820"]
[BlackICUId "3172"]
[PlyCount "90"]
[EventDate "2013.09.13"]
[Source "ICU web site"]
[URL "http://www.irlchess.com/cityofdublin2013_allfiles/games_cityofdublin2013/g30.htm"]

{ Event information: <a
href="http://www.irlchess.com/cityofdublin2013_allfiles/pairings_cityofdublin2013.html">Tournament
report</a>. }

1. e4 e6 2. d4 d5 3. Nc3 Nf6 4. Bg5 Bb4 5. e5 h6 6. Bd2 Bxc3 7. bxc3 Ne4 8.
Qg4 Kf8 9. Bd3 Nxd2 10. Kxd2 c5 11. Nf3 Nc6 12. h4 Qa5 13. Qf4 Bd7 14. Rhb1
cxd4 15. Nxd4 Nxd4 16. Qxd4 Bc6 17. g3 a6 18. Rb4 Qd8 19. Re1 a5 20. Rbb1
a4 21. a3 Qe7 22. Rb4 g5 23. Kc1 Ra5 24. Kb2 Rg8 25. Rh1 g4 26. Rf1 h5 27.
Ka2 Ke8 28. Rfb1 Qc5 29. Bb5 Rxb5 30. Rxb5 Qxb5 31. Rxb5 Bxb5 32. Qb4 Bc6
33. Qd6 Rg6 34. Kb2 f5 35. Kc1 Kf7 36. Qd8 Kg7 37. Kd2 Kh7 38. Qe7+ Kh6 39.
Ke3 b5 40. Kd4 b4 41. cxb4 Bb5 42. Kc5 Bc4 43. b5 Bb3 44. b6 Bxc2 45. b7
Rg8 1-0

[Event "City of Dublin Masters 2013"]
[Site "Dublin IRL"]
[Date "2013.09.15"]
[Round "4"]
[White "Bourached, Anthony"]
[Black "Fox, Anthony"]
[Result "1/2-1/2"]
[WhiteElo "1933"]
[BlackElo "2096"]
[WhiteICU "1998"]
[BlackICU "2027"]
[WhiteClub "T.C.D."]
[BlackClub "Dun Laoghaire"]
[WhiteNationality "IRL"]
[BlackNationality "IRL"]
[WhiteFideId "2504456"]
[BlackFideId "2500736"]
[WhiteICUId "12061"]
[BlackICUId "456"]
[PlyCount "47"]
[EventDate "2013.09.13"]
[Source "ICU web site"]
[URL "http://www.irlchess.com/cityofdublin2013_allfiles/games_cityofdublin2013/g44.htm"]

{ Event information: <a
href="http://www.irlchess.com/cityofdublin2013_allfiles/pairings_cityofdublin2013.html">Tournament
report</a>. }

1. d4 d5 2. c4 e6 3. Nc3 Be7 4. Bf4 Nf6 5. e3 O-O 6. Nf3 c5 7. dxc5 Bxc5 8.
cxd5 exd5 9. Be5 Nc6 10. Bd4 Nxd4 11. Nxd4 Qb6 12. Nb3 Bb4 13. Rc1 Bg4 14.
Be2 Bxe2 15. Qxe2 Rac8 16. O-O Bxc3 17. bxc3 Rc4 18. Rc2 Rfc8 19. Rfc1 Qc7
20. Nd2 Rc6 21. Qd3 Re8 22. g3 a6 23. c4 dxc4 24. Rxc4 1/2-1/2

[Event "City of Dublin Masters 2013"]
[Site "Dublin IRL"]
[Date "2013.09.15"]
[Round "4"]
[White "Collins, Sam"]
[Black "Firstov, Juri"]
[Result "1/2-1/2"]
[WhiteTitle "IM"]
[WhiteElo "2475"]
[BlackElo "2277"]
[WhiteICU "2430"]
[BlackICU "2259"]
[WhiteClub "Gonzaga"]
[BlackClub "Phibsboro"]
[WhiteNationality "IRL"]
[BlackNationality "EST"]
[WhiteFideId "2501198"]
[BlackFideId "4501233"]
[WhiteICUId "4564"]
[BlackICUId "9603"]
[PlyCount "222"]
[EventDate "2013.09.13"]
[Source "ICU web site"]
[URL "http://www.irlchess.com/cityofdublin2013_allfiles/games_cityofdublin2013/g36.htm"]

{ Other information: Video: <a
href="http://www.youtube.com/watch?v=enf7at7KcWo">3 minutes, 41 seconds</a>
(by Colm Daly). } { Event information: <a
href="http://www.irlchess.com/cityofdublin2013_allfiles/pairings_cityofdublin2013.html">Tournament
report</a>. }

1. d4 Nf6 2. c4 e6 3. g3 d5 4. Bg2 Be7 5. Nf3 O-O 6. O-O dxc4 7. Qc2 c5 8.
dxc5 Bxc5 9. Qxc4 Qe7 10. Nc3 Nbd7 11. e4 Nb6 12. Qe2 e5 13. Nh4 Bg4 14.
Nf5 Bxe2 15. Nxe7+ Bxe7 16. Nxe2 Rac8 17. Nc3 Bb4 18. Nb5 a6 19. a3 Bc5 20.
Nc3 Nc4 21. Ra2 h6 22. h3 Rfd8 23. b4 Bd4 24. Nd5 Nxd5 25. exd5 Nd6 26. Rd2
Rc7 27. Bb2 Bxb2 28. Rxb2 Rc3 29. a4 Rdc8 30. Rfb1 Rc1+ 31. Bf1 Rxb1 32.
Rxb1 Rc2 33. a5 Kf8 34. b5 axb5 35. Bxb5 Rc5 36. a6 bxa6 37. Bc6 Nb5 38.
Ra1 Nc7 39. d6 Rxc6 40. dxc7 Rxc7 41. Rxa6 Ke7 42. h4 Rd7 43. Kg2 Rd6 44.
Ra7+ Ke6 45. Rb7 g6 46. Ra7 Kf6 47. Rb7 h5 48. Ra7 Re6 49. Rb7 Re7 50. Rb6+
Kf5 51. Rb5 Ra7 52. Rc5 f6 53. Rc6 Ra3 54. Rb6 Ra2 55. Rc6 Rd2 56. Ra6 Rd4
57. Rb6 Rg4 58. Ra6 g5 59. hxg5 Kxg5 60. Kf3 h4 61. gxh4+ Rxh4 62. Ke3 Rh3+
63. f3 f5 64. Kf2 Rh2+ 65. Kg3 Re2 66. Re6 f4+ 67. Kh3 Kf5 68. Ra6 Rf2 69.
Ra3 Re2 70. Ra6 Rf2 71. Ra3 Ke6 72. Rd3 Ra2 73. Rd1 Re2 74. Rd8 Rc2 75. Rd1
Rc4 76. Rd2 Rd4 77. Re2 Rd3 78. Kg2 Kd5 79. Kf2 Ra3 80. Rd2+ Kc4 81. Re2
Ra5 82. Re4+ Kd5 83. Re2 Ra4 84. Kg2 Rb4 85. Kf2 Rc4 86. Kg2 Rc3 87. Kf2
Rd3 88. Kg2 Re3 89. Rd2+ Kc4 90. Ra2 Kb3 91. Ra5 Kb4 92. Ra2 Re1 93. Kf2
Rh1 94. Kg2 Rh8 95. Rc2 Rd8 96. Kf2 Rd5 97. Ke2 Rd8 98. Kf2 Rd5 99. Ke2 Rc5
100. Rb2+ Kc3 101. Rb8 Kd4 102. Rd8+ Rd5 103. Ra8 Rd7 104. Re8 Rd6 105. Ra8
Rh6 106. Rd8+ Kc5 107. Rd7 Rh2+ 108. Ke1 Kc4 109. Rd8 Kc3 110. Rd7 Ra2 111.
Rd5 e4 1/2-1/2

[Event "City of Dublin Masters 2013"]
[Site "Dublin IRL"]
[Date "2013.09.15"]
[Round "4"]
[White "Daly, Colm"]
[Black "De Dios Ortega, Juan Manuel"]
[Result "0-1"]
[WhiteTitle "FM"]
[WhiteElo "2341"]
[BlackElo "1906"]
[WhiteICU "2298"]
[WhiteClub "Bray/Greystones"]
[WhiteNationality "IRL"]
[BlackNationality "ESP"]
[WhiteFideId "2500434"]
[BlackFideId "2287617"]
[WhiteICUId "295"]
[PlyCount "136"]
[EventDate "2013.09.13"]
[Source "ICU web site"]
[URL "http://www.irlchess.com/cityofdublin2013_allfiles/games_cityofdublin2013/g40.htm"]

{ Event information: <a
href="http://www.irlchess.com/cityofdublin2013_allfiles/pairings_cityofdublin2013.html">Tournament
report</a>. }

1. Nf3 d5 2. b3 Nf6 3. Bb2 g6 4. Bxf6 exf6 5. e3 Bg7 6. g3 O-O 7. Bg2 Bg4
8. h3 Bxf3 9. Qxf3 c6 10. d4 Nd7 11. c3 Qa5 12. g4 Rfe8 13. O-O Nf8 14. a4
Qc7 15. c4 Ne6 16. Nc3 Ng5 17. Qd1 dxc4 18. bxc4 Rad8 19. Rb1 Ne6 20. Qb3
b6 21. a5 Rb8 22. Qa4 bxa5 23. Qxc6 Rbc8 24. Qxc7 Nxc7 25. c5 f5 26. gxf5
gxf5 27. Ne2 Ne6 28. c6 Bf8 29. Rb5 a4 30. Rxf5 Bb4 31. d5 Nc7 32. Ra1 a3
33. Ra2 Rb8 34. Nd4 Bd6 35. Rg5+ Kf8 36. Nf5 Rb1+ 37. Bf1 Rb2 38. Ra1 Re5
39. f4 Rxd5 40. Nxd6 Rxd6 41. Rxa3 Rxc6 42. Rxa7 Rc1 43. Rg2 Rbb1 44. Rf2
Nd5 45. Ra8+ Kg7 46. Ra3 Re1 47. Rf3 h5 48. Kg2 h4 49. Bc4 Rb2+ 50. Rf2
Rxe3 51. Rxb2 Nxf4+ 52. Kf2 Rxa3 53. Rb3 Rxb3 54. Bxb3 Nxh3+ 55. Kf3 f5 56.
Bc4 Kf6 57. Bf1 Ng5+ 58. Kf4 Ne6+ 59. Ke3 Kg5 60. Kf3 Nf4 61. Bc4 Ng6 62.
Bf1 Ne5+ 63. Ke2 Kg4 64. Ke3 Kg3 65. Kd4 Ng4 66. Kd3 h3 67. Bxh3 Kxh3 68.
Ke2 Kg2 0-1

[Event "City of Dublin Masters 2013"]
[Site "Dublin IRL"]
[Date "2013.09.15"]
[Round "4"]
[White "Delaney, John"]
[Black "Smith, Andrew Philip"]
[Result "0-1"]
[WhiteTitle "FM"]
[BlackTitle "FM"]
[WhiteElo "2248"]
[BlackElo "2111"]
[WhiteICU "2201"]
[WhiteClub "Blanchardstown Jrs."]
[BlackClub "Bourne End ENG"]
[WhiteNationality "IRL"]
[BlackNationality "IRL"]
[WhiteFideId "2500060"]
[BlackFideId "2500833"]
[WhiteICUId "318"]
[PlyCount "140"]
[EventDate "2013.09.13"]
[Source "ICU web site"]
[URL "http://www.irlchess.com/cityofdublin2013_allfiles/games_cityofdublin2013/g38.htm"]

{ Event information: <a
href="http://www.irlchess.com/cityofdublin2013_allfiles/pairings_cityofdublin2013.html">Tournament
report</a>. }

1. c4 c5 2. Nc3 Nf6 3. Nf3 d5 4. cxd5 Nxd5 5. e4 Nb4 6. Bb5+ N8c6 7. d4
cxd4 8. a3 dxc3 9. Qxd8+ Kxd8 10. axb4 Nxb4 11. O-O c2 12. Ne5 Kc7 13. Nxf7
Rg8 14. Bc4 e6 15. Be3 Be7 16. Rfc1 Bd7 17. Ne5 a6 18. f3 Rgc8 19. Nd3 Nxd3
20. Bxd3 Bf6 21. Rxc2+ Kd8 22. Rd2 Ke8 23. e5 Bxe5 24. Bxh7 Bc6 25. Bg6+
Ke7 26. h4 Rd8 27. Rad1 Rxd2 28. Rxd2 Kf6 29. Be4 Bxe4 30. fxe4 Rc8 31.
Bg5+ Kg6 32. Kf2 Rc4 33. Rd7 Rb4 34. Re7 Rxb2+ 35. Kf3 Rb3+ 36. Kf2 Bd4+
37. Ke2 e5 38. Re6+ Kh5 39. Re7 g6 40. Rh7+ Kg4 41. Bd2 Kg3 42. Rg7 Kxh4
43. Rxg6 Rb6 44. Rg7 Rb2 45. Kd3 Rb3+ 46. Ke2 Rb2 47. Kd3 Rb3+ 48. Ke2 b5
49. g4 b4 50. Be1+ Kh3 51. g5 Re3+ 52. Kd1 b3 53. g6 Rd3+ 54. Ke2 Re3+ 55.
Kd1 b2 56. Rb7 Rxe4 57. Rb3+ Re3 58. Rb7 e4 59. Bf2 Rd3+ 60. Ke2 Bc3 61.
Be1 Be5 62. Rb4 Rd6 63. Ke3 Rxg6 64. Rb7 Rg4 65. Rb3 Kg2 66. Ke2 Rg8 67.
Ke3 Rb8 68. Bb4 a5 69. Ra3 Rxb4 70. Rxa5 Rb3+ 0-1